000 00398nam a2200157Ia 4500
008 230312s9999||||xx |||||||||||||| ||und||
020 _a81-312-1620-0
082 _a610.76
_bVIJ-P
100 _aVij,Prassan
245 0 _aPostGraduate Medical Entrance Examinations
260 _bElsevier
_aindia
_c2009
300 _a736
546 _aEng.
650 _aMedical
_vEntrance Examinations
942 _cBK
999 _c6497
_d6497